[Event "45th FIDE Chess Olympiad Open"]
[Site "Budapest, Hungary"]
[Date "2024.09.13"]
[Round "3.115"]
[White "Maerevoet, Sim"]
[Black "Yun, Hungi"]
[Result "1-0"]
[WhiteElo "2432"]
[BlackElo "2124"]
[PlyCount "87"]
[EventDate "2024.??.??"]
[WhiteTeam "Belgium"]
[BlackTeam "South Korea"]
[WhiteTeamCountry "BEL"]
[WhiteClock "0:34:18"]
[BlackClock "0:07:20"]

1. Nf3 d5 2. g3 Nf6 3. Bg2 c6 4. c4 Bf5 5. Qb3 Qb6 6. d3 e6 7. Be3 Qxb3 8. axb3 Na6 9. O-O Bc5 10. Bxc5 Nxc5 11. b4 Ncd7 12. b5 e5 $146 ({RR} 12... cxb5 13. cxd5 exd5 14. Nd4 Be6 15. Nxb5 Ke7 16. N1c3 a6 17. Nc7 Rac8 18. N7xd5+ Nxd5 19. Nxd5+ Bxd5 20. Bxd5 Rc2 21. Bxb7 Rxb2 22. Bf3 Rb6 23. Ra5 Nb8 24. Rc1 Rd8 25. g4 Rdd6 26. Rc7+ Rd7 27. Rc8 {Romanishin,O (2472)-Ruprecht,M Bad Woerishofen 2015 1-0 (33)}) 13. Nc3 O-O 14. Ra5 b6 15. Ra3 cxb5 16. Nxb5 dxc4 17. Nh4 Be6 18. Bxa8 Rxa8 19. Nc7 Rc8 20. Nxe6 fxe6 21. Rc1 a5 22. Rxc4 Rxc4 23. dxc4 e4 24. Rb3 Kf7 25. Ng2 Ke7 26. Ne3 g5 27. Rb5 h6 28. c5 bxc5 29. Rxa5 Nd5 30. Nc4 N5f6 31. Ra7 h5 32. h3 g4 33. h4 Kd8 34. Kf1 Ke8 35. Ke1 Kf7 36. Ne5+ Ke7 37. Kd2 Kd6 38. Nxd7 Nxd7 39. Ke3 Nf6 40. Kf4 Kd5 41. Rf7 Ne8 42. Rd7+ Nd6 43. Kg5 Ke5 44. Rxd6 1-0

[Event "45th FIDE Chess Olympiad Open"]
[Site "Budapest, Hungary"]
[Date "2024.09.13"]
[Round "3.116"]
[White "Lee, Kyungseok"]
[Black "Lenaerts, Lennert"]
[Result "1/2-1/2"]
[WhiteElo "2044"]
[BlackElo "2300"]
[PlyCount "113"]
[EventDate "2024.??.??"]
[WhiteTeam "South Korea"]
[BlackTeam "Belgium"]
[BlackTeamCountry "BEL"]
[WhiteClock "0:29:47"]
[BlackClock "0:42:19"]

1. d4 Nf6 2. c4 e6 3. Nf3 d5 4. g3 Bb4+ 5. Nbd2 O-O 6. Bg2 a5 7. O-O b6 8. cxd5 exd5 9. Ne5 Bb7 10. Ndf3 Bd6 11. Bf4 $146 ({RR} 11. Qc2 Qe7 12. Bf4 c5 13. Rfd1 Na6 14. Bg5 Rfe8 15. Ng4 Qe4 16. Qxe4 dxe4 17. Bxf6 exf3 18. Bxf3 Bxf3 19. exf3 h5 20. Be5 Be7 21. dxc5 Bxc5 22. Bc3 hxg4 23. fxg4 Re2 24. Rf1 Nb4 25. Rad1 Nxa2 {Socko,B (2619)-Gumularz,S (2515) Warsaw 2021 0-1 (33)}) 11... c5 12. dxc5 bxc5 13. Rc1 Qc7 14. Nd3 Nbd7 15. Qc2 Rfc8 16. Rfd1 a4 17. b3 axb3 18. axb3 Qb6 19. Bxd6 Qxd6 20. Nf4 Rab8 21. Nxd5 Bxd5 22. e4 Bxe4 23. Rxd6 Bxc2 24. Rxc2 Rxb3 25. Bh3 Rxf3 26. Bxd7 Nxd7 27. Rxd7 g6 28. Rd5 Rf5 29. Rd6 h5 30. Kf1 Kf8 31. Rd7 Ke8 32. Rb7 Re5 33. Re2 Rxe2 34. Kxe2 Kf8 35. Kd3 Rd8+ 36. Ke3 Re8+ 37. Kd2 Re5 38. Rc7 Kg7 39. Rc6 g5 40. h3 h4 41. g4 f5 42. gxf5 Rxf5 43. Ke3 Kf7 44. f4 Ke7 45. fxg5 Rxg5 46. Ke4 Rh5 47. Kd3 Kd7 48. Rg6 Rf5 49. Kc4 Rf3 50. Kxc5 Rxh3 51. Kd4 Rh1 52. Ke3 h3 53. Kf2 h2 54. Rh6 Ra1 55. Rxh2 Ra2+ 56. Kg3 Rxh2 57. Kxh2 1/2-1/2

[Event "45th FIDE Chess Olympiad Open"]
[Site "Budapest, Hungary"]
[Date "2024.09.13"]
[Round "3.117"]
[White "Sadorra, Julio Catalino"]
[Black "Rakotomaharo, Fy Antenaina"]
[Result "1/2-1/2"]
[WhiteElo "2542"]
[BlackElo "2440"]
[PlyCount "65"]
[EventDate "2024.??.??"]
[WhiteTeam "Philippines"]
[BlackTeam "Madagascar"]
[WhiteTeamCountry "PHI"]
[BlackTeamCountry "MAD"]
[WhiteClock "0:17:53"]
[BlackClock "0:00:35"]

1. d4 d5 2. c4 e6 3. Nf3 Nf6 4. g3 Be7 5. Bg2 O-O 6. Nc3 a5 7. O-O c6 8. b3 ({RR} 8. Nd2 b5 9. c5 e5 10. dxe5 Nfd7 11. Nf3 Nxc5 12. Nd4 b4 13. Na4 Nxa4 14. Qxa4 c5 15. Nc2 Be6 16. Rd1 Nd7 17. f4 Nb6 18. Qb3 Qc7 19. Qf3 f5 20. e3 a4 21. a3 b3 22. Ne1 Rac8 {Barsegyan,H (2438)-Rakotomaharo,F (2448) Chartres FRA 2024 ½-½ (55)}) 8... b6 9. Bb2 Ba6 10. Qc2 $146 ({RR} 10. Nd2 b5 11. Rc1 b4 12. Na4 Nbd7 13. e4 Nb6 14. Nxb6 Qxb6 15. Re1 Rfd8 16. Qc2 Rac8 17. h4 c5 18. exd5 cxd4 19. dxe6 fxe6 20. Qd3 Bc5 21. Ne4 e5 22. Rc2 Rf8 23. Rce2 Rce8 24. Bc1 Ng4 {Mirzoev,A (2437)-Rangel,D (2220) chess.com INT 2023 1-0}) ({RR} 10. Nd2 b5 11. c5 b4 12. Na4 Nbd7 13. Re1 Bb5 14. a3 Bxa4 15. bxa4 bxa3 16. Rxa3 Qc7 17. Qc2 Rfb8 18. Bc3 Qb7 19. Rb1 Qa6 20. Bf1 e5 21. e3 Qa7 22. Rxb8+ Rxb8 23. Rb3 exd4 24. exd4 Bd8 {Fus,J (2455)-Panjer,S (2185) Krakow POL 2024 1-0 (35)}) ({RR} 10. Nd2 b5 11. c5 b4 12. Na4 Nbd7 13. Re1 Bb5 14. a3 Qc7 15. Qc2 Rfe8 16. f4 h5 17. axb4 axb4 18. e4 dxe4 19. Nxe4 Nxe4 20. Bxe4 Rad8 21. Bf3 h4 22. Kg2 Bf6 23. Rad1 g6 24. Bc1 Ra8 {Filip,L (2346)-Neugebauer,M (2536) Arad ROU 2023 0-1 (49)}) 10... Nbd7 11. e4 dxc4 12. Rfd1 Re8 13. h4 cxb3 14. axb3 Rc8 15. Nd2 Qc7 16. Nc4 Bxc4 17. bxc4 e5 18. Ne2 Rcd8 19. Qc1 Bf8 20. f3 exd4 21. Nxd4 Qxg3 22. Qg5 Bd6 23. Nf5 Bc5+ 24. Kh1 Qxg5 25. hxg5 Nh5 26. Bh3 Nf4 27. Bg4 Bf8 28. Nh6+ gxh6 29. Bxd7 Re7 30. Bf5 Ree8 31. Bd7 Re7 32. Bf5 Ree8 33. Bd7 1/2-1/2

[Event "45th FIDE Chess Olympiad Open"]
[Site "Budapest, Hungary"]
[Date "2024.09.13"]
[Round "3.118"]
[White "Razanadrakotoarisoa, Toavina"]
[Black "Bersamina, Paulo"]
[Result "0-1"]
[WhiteElo "2147"]
[BlackElo "2425"]
[PlyCount "84"]
[EventDate "2024.??.??"]
[WhiteTeam "Madagascar"]
[BlackTeam "Philippines"]
[WhiteTeamCountry "MAD"]
[BlackTeamCountry "PHI"]
[WhiteClock "0:26:31"]
[BlackClock "0:50:48"]

1. d4 Nf6 2. c4 g6 3. Nc3 Bg7 4. e4 d6 5. Nf3 O-O 6. Be2 Nbd7 7. Bg5 h6 8. Bh4 e5 9. dxe5 dxe5 10. Qc2 c6 11. O-O-O Qc7 12. Nd2 Nc5 13. Nb3 Ne6 14. Bg3 Nd7 $146 ({RR} 14... Nf4 15. Bxf4 exf4 16. Rd2 a5 17. a3 b6 18. Rhd1 Nd7 19. g3 a4 20. Nd4 Nc5 21. Kb1 Bb7 22. Bf3 Rfd8 23. Nce2 fxg3 24. hxg3 h5 25. Bg2 h4 26. f4 hxg3 27. e5 Bh6 28. Qc3 Rd7 29. Qxg3 {Messner,H (2100)-Hoellrigl,W (2250) Seefeld 1993 1-0 (36)}) 15. Bg4 Ndc5 16. Nxc5 Nxc5 17. Bxc8 Qxc8 18. f3 Ne6 19. Ne2 a5 20. Rd6 a4 21. a3 Qb8 22. Rhd1 b5 23. Kb1 b4 24. axb4 a3 25. bxa3 Rxa3 26. Qb2 Ra4 27. b5 Rxc4 28. Rxc6 Rxc6 29. bxc6 Qa8 30. Rd5 Qxc6 31. Bf2 Rc8 32. Rd3 Qa4 33. Qb3 Qe8 34. Rd6 Bf8 35. Rb6 Bc5 36. Bxc5 Nxc5 37. Qb5 Qd8 38. Nc1 Qc7 39. Na2 Nd7 40. Rb7 Qc2+ 41. Ka1 Nc5 42. Rb6 Rd8 0-1

[Event "45th FIDE Chess Olympiad Open"]
[Site "Budapest, Hungary"]
[Date "2024.09.13"]
[Round "3.119"]
[White "Gomez, John Paul"]
[Black "Andrianiaina, Heritiana"]
[Result "1-0"]
[WhiteElo "2408"]
[BlackElo "2149"]
[PlyCount "55"]
[EventDate "2024.??.??"]
[WhiteTeam "Philippines"]
[BlackTeam "Madagascar"]
[WhiteTeamCountry "PHI"]
[BlackTeamCountry "MAD"]
[WhiteClock "0:22:55"]
[BlackClock "0:10:59"]

1. d4 d5 2. c4 e6 3. Nc3 a6 4. e3 Nf6 5. Nf3 c5 6. cxd5 exd5 7. Be2 Nc6 8. O-O Be7 9. b3 O-O 10. Bb2 Be6 ({RR} 10... Re8 11. Rc1 cxd4 12. Nxd4 Ne5 13. h3 Bd7 14. Nf3 Nxf3+ 15. Bxf3 Bc6 16. Ne2 Rc8 17. Nd4 Bd7 18. Qd3 Qa5 19. a3 Rxc1 20. Rxc1 Rc8 21. Rxc8+ Bxc8 22. b4 Qd8 23. Nf5 Bf8 24. g4 g6 25. Ng3 {Pushkov,N (2515)-Orsag,M (2415) Decin 1995 1-0}) ({RR} 10... Re8 11. Rc1 cxd4 12. Nxd4 Ne5 13. Nf3 Nc6 14. Nd4 Ne5 15. Nf3 Ng6 16. Qd2 Be6 17. Rfd1 Bd6 18. Na4 Qe7 19. h3 Rad8 20. Qd4 Bf5 21. Nh4 Be4 22. Nxg6 fxg6 23. Nc5 Qf7 24. Nxe4 Nxe4 25. Bf3 {Raczek,K (2347)-Sosa,T (2554) Roquetas de Mar ESP 2024 0-1 (57)}) 11. Rc1 b6 $146 ({RR} 11... cxd4 12. Nxd4 Rc8 13. Na4 Nb8 14. Nxe6 fxe6 15. Qd3 Qd6 16. f4 Nbd7 17. Rfd1 b5 18. Nc3 Qb6 19. Bf3 Bc5 20. Re1 Rfd8 21. Kh1 h5 22. h3 h4 23. Nd1 Bb4 24. Rxc8 Rxc8 25. Re2 Qc6 26. Nf2 {Eperjesi,L (2365)-Dubeck,M (2090) Cannes 1990 1-0 (32)}) ({RR} 11... Ne4 12. dxc5 Nxc5 13. Nd4 Rc8 14. Nxc6 Rxc6 15. Bf3 Bf6 16. Ba3 Qa5 17. Nxd5 Bxd5 18. Bxd5 Rd8 19. Bxc5 Rxc5 20. Rxc5 Qxc5 21. e4 b6 22. Qf3 a5 23. Rd1 Rd7 24. g3 Bd4 25. Kg2 g6 26. h4 {Ollenberger,R (2256)-Rott,G (2064) Muenster 2022 0-1 (58)}) ({RR} 11... Nd7 12. dxc5 Nxc5 13. Nd4 Bf6 14. Ba3 Qa5 15. Bxc5 Qxc5 16. Ne4 Qb6 17. Nxf6+ gxf6 18. Nxc6 bxc6 19. Bd3 Rfc8 20. Qh5 Kf8 21. Bxh7 Ke7 22. Bf5 Rh8 23. Qf3 Qc7 24. h3 Rag8 25. Rc5 Rg5 26. Bxe6 {Berg,K (2350)-Behrhorst,F (2320) Hamburg 1985 1-0 (36)}) 12. Ne5 Nxe5 13. dxe5 Ne4 14. Nxe4 dxe4 15. Qc2 Qd5 16. f4 exf3 17. Bxf3 Qd7 18. Rfd1 Qa7 19. Bxa8 Qxa8 20. Qf2 a5 21. Qf4 h6 22. h4 a4 23. bxa4 c4 24. Rxc4 Bc5 25. Rc3 Bxa2 26. Rxc5 bxc5 27. e6 fxe6 28. Qc7 1-0

[Event "45th FIDE Chess Olympiad Open"]
[Site "Budapest, Hungary"]
[Date "2024.09.13"]
[Round "3.120"]
[White "Andriamasoandro, Miora"]
[Black "Garcia, Jan Emmanuel"]
[Result "0-1"]
[WhiteElo "2116"]
[BlackElo "2380"]
[PlyCount "90"]
[EventDate "2024.??.??"]
[WhiteTeam "Madagascar"]
[BlackTeam "Philippines"]
[WhiteTeamCountry "MAD"]
[BlackTeamCountry "PHI"]
[WhiteClock "0:19:13"]
[BlackClock "0:30:01"]

1. d4 Nf6 2. c4 g6 3. Nc3 Bg7 4. e4 d6 5. Be2 O-O 6. Be3 Na6 7. h3 c5 8. Nf3 cxd4 9. Nxd4 Nc5 10. Qc2 ({RR} 10. Bf3 Ne6 11. O-O Nxd4 12. Bxd4 Be6 13. Nd5 Bxd5 14. cxd5 Rc8 15. Qd2 Nd7 16. Bxg7 Kxg7 17. Bg4 Rc4 18. Bxd7 Qxd7 19. f3 Qc7 20. Rac1 Qc5+ 21. Qf2 Rxc1 {0-1 (21) Handler,F (1888)-Stankovic,B (2311) Pula CRO 2024}) 10... b6 $146 ({RR} 10... a5 11. O-O b6 12. Rfd1 Bb7 13. Bf3 Nfd7 14. Rac1 Ne6 15. Nxe6 fxe6 16. Bg4 Kf7 17. f4 h5 18. Be2 Bh6 19. Rf1 Rc8 20. Qd2 Nf6 21. Bd3 Qc7 22. Kh1 Bg7 23. Qf2 Nd7 24. Qg3 h4 25. Qg4 {Mc Intosh,I (2215)-Al Busaidi,H (1743) Chennai 2022 1-0 (34)}) ({RR} 10... Ne6 11. O-O Nxd4 12. Bxd4 Nd7 13. Be3 b6 14. Rfd1 Bb7 15. Rac1 Rc8 16. Qd2 Nc5 17. f3 a6 18. Nd5 Bxd5 19. cxd5 b5 20. Rc2 Na4 21. Rdc1 Rxc2 22. Rxc2 Qb8 23. b3 Nc5 24. b4 Na4 25. Qc1 {Damjanovic,V (2328)-Matovic,M (2218) Ruma 2020 1-0 (40)}) 11. b4 Ne6 12. Rd1 Nxd4 13. Bxd4 Bb7 14. O-O Qc7 15. Nd5 Bxd5 16. exd5 a5 17. a3 Nd7 18. Bxg7 Kxg7 19. Qb2+ Kg8 20. f4 axb4 21. axb4 Ra7 22. Rfe1 Rfa8 23. Bd3 Ra2 24. Qd4 Nf6 25. Re3 R8a4 26. b5 Qa7 27. Rde1 Ra1 28. Bb1 Rb4 29. Rxe7 Rbxb1 30. Rxa7 Rxe1+ 31. Kh2 Rh1+ 32. Kg3 Nh5+ 33. Kh4 Rxa7 34. Qxb6 Ra4 35. Qxd6 Rxc4 36. g3 h6 37. b6 Rb1 38. Qe7 Kg7 39. b7 Nf6 40. g4 Rxf4 41. Kg3 Rb3+ 42. Kg2 Rd4 43. Kf1 Rb1+ 44. Kf2 Rb2+ 45. Kf3 Rd3+ 0-1

[Event "45th FIDE Chess Olympiad Open"]
[Site "Budapest, Hungary"]
[Date "2024.09.13"]
[Round "3.121"]
[White "Bai, Adelard"]
[Black "Galaviz Medina, Sion Radamantys"]
[Result "1/2-1/2"]
[WhiteElo "2378"]
[BlackElo "2488"]
[PlyCount "77"]
[EventDate "2024.??.??"]
[WhiteTeam "Chinese Taipei"]
[BlackTeam "Mexico"]
[BlackTeamCountry "MEX"]
[WhiteClock "0:01:04"]
[BlackClock "0:01:16"]

1. d4 Nf6 2. c4 e6 3. Nf3 d5 4. g3 Nc6 5. Bg2 Bd6 6. O-O O-O 7. Bg5 h6 8. Bxf6 Qxf6 9. cxd5 exd5 10. Nc3 Ne7 11. e4 ({RR} 11. Nb5 c6 12. Nxd6 Qxd6 13. Ne5 Bf5 14. e3 Ng6 15. Nd3 Rfe8 16. h4 Rab8 17. h5 Ne7 18. Nf4 Nc8 19. Rc1 Qf6 20. Qa4 Rd8 21. b4 a6 22. Qb3 Nd6 23. a4 Re8 24. b5 axb5 25. axb5 Be4 {Dubov,D (2708)-Bluebaum,M (2658) chess.com INT 2024 ½-½ (49)}) 11... dxe4 12. Nxe4 Qe6 13. Re1 Qd7 $146 ({RR} 13... Rd8 14. Qc2 Bb4 15. Re2 Qb6 16. a3 Bd6 17. Rae1 Be6 18. Nc5 Bxc5 19. dxc5 Qa6 20. Bf1 b5 21. Rxe6 fxe6 22. Bh3 Qc6 23. Ne5 Qa6 24. Qb3 Nd5 25. c6 {1-0 (25) Yu,Y (2708)-Gadimbayli,A (2505) Ankara 2022}) ({RR} 13... c6 14. Nc5 Qf6 15. Ne5 Rd8 16. Qb3 Bc7 17. Rad1 Nd5 18. a3 Bb6 19. h3 Bf5 20. Nxb7 Rdb8 21. Nxc6 Rxb7 22. Qxd5 Rc8 23. Ne7+ Rxe7 24. Rxe7 Qxe7 25. Qxf5 Rd8 26. Bd5 Rd6 27. Kg2 g6 28. Qf3 {Chigaev,M (2632)-Bluebaum,M (2661) chess.com INT 2023 ½-½ (51)}) 14. Ne5 Bxe5 15. dxe5 Qb5 16. Qc2 Nc6 17. Nc3 Qc5 18. Qe4 Re8 19. Nd5 Rxe5 20. Qf4 Qd6 21. Red1 Rb8 22. Rac1 Re2 23. b4 a6 24. Qc4 Re8 25. a4 Rd8 26. Ne3 Qe7 27. Rxd8+ Nxd8 28. Nd5 Qd6 29. Qxc7 Qxc7 30. Rxc7 Be6 31. Nf4 Bb3 32. a5 Ba4 33. Nd3 Ne6 34. Rc1 b6 35. Bc6 Nd4 36. Bxa4 Ne2+ 37. Kg2 Nxc1 38. Nxc1 bxa5 39. bxa5 1/2-1/2

[Event "45th FIDE Chess Olympiad Open"]
[Site "Budapest, Hungary"]
[Date "2024.09.13"]
[Round "3.122"]
[White "Hernandez Guerrero, Gilberto"]
[Black "Song, Raymond"]
[Result "0-1"]
[WhiteElo "2482"]
[BlackElo "2503"]
[PlyCount "96"]
[EventDate "2024.??.??"]
[WhiteTeam "Mexico"]
[BlackTeam "Chinese Taipei"]
[WhiteTeamCountry "MEX"]
[WhiteClock "0:16:25"]
[BlackClock "0:57:43"]

1. e4 e5 2. Nf3 Nc6 3. Bb5 Nf6 4. d3 Bc5 5. Bxc6 dxc6 6. Nbd2 Be6 7. Qe2 Qd6 ({RR} 7... Nd7 8. Nb3 Bb6 9. Ng5 Bxb3 10. axb3 f6 11. Nf3 Nc5 12. O-O Ne6 13. Nd2 O-O 14. Nc4 Qd7 15. Kh1 Rae8 16. Be3 c5 17. Qg4 Kh8 18. g3 Qc6 19. f3 a6 20. h4 Ba7 21. Bd2 Nd4 22. Ne3 {Caruana,F (2804)-Kramnik,V (2812) Leuven 2016 1-0 (54)}) ({RR} 7... Nd7 8. O-O Qf6 9. c3 a5 10. Rd1 h6 11. Nc4 Bg4 12. a4 b6 13. Be3 Bxf3 14. Qxf3 Qxf3 15. gxf3 Bxe3 16. fxe3 Ke7 17. Kf2 f6 18. d4 Rhf8 19. f4 g5 20. Kf3 h5 21. dxe5 g4+ 22. Kg3 {Nurgaliyev,S (2380)-Gemy,J (2321) Abu Dhabi UAE 2024 1-0 (46)}) 8. a3 a5 $146 ({RR} 8... O-O-O 9. O-O Nd7 10. b4 Bb6 11. Bb2 f6 12. Nc4 Qe7 13. Rfb1 c5 14. Bc3 Bxc4 15. dxc4 cxb4 16. axb4 c5 17. b5 Nf8 18. Nd2 Ne6 19. Nf1 Nd4 20. Bxd4 exd4 21. Qd3 Rhe8 22. Re1 g6 23. Nd2 {Tokhirjonova,G (2328)-Hoare,A (2017) Bhubaneswar 2016 1-0 (44)}) 9. b3 h6 10. Bb2 Nd7 11. O-O O-O 12. h3 Rfe8 13. Rfd1 Qe7 14. Re1 Bd6 15. d4 exd4 16. Nxd4 Nf8 17. Nxe6 Qxe6 18. Qg4 Ng6 19. Rad1 b5 20. Nf3 Qxg4 21. hxg4 a4 22. b4 c5 23. bxc5 Bxc5 24. Rd5 Bf8 25. Rxb5 Rab8 26. Rxb8 Rxb8 27. Bd4 Nf4 28. Be5 Ne6 29. Ra1 Rb5 30. Kf1 f6 31. Bg3 Rc5 32. Rd1 Rc4 33. Rd3 Rxe4 34. Nd2 Rxg4 35. Rc3 h5 36. Bh2 c5 37. f3 Rd4 38. Ke1 Rh4 39. Bg3 Rh1+ 40. Kf2 h4 41. Bb8 Ra1 42. Ba7 Bd6 43. Ne4 Be5 44. Rc4 Bd4+ 45. Ke2 Rg1 46. Bxc5 Nf4+ 47. Kd2 Rxg2+ 48. Kd1 h3 0-1

[Event "45th FIDE Chess Olympiad Open"]
[Site "Budapest, Hungary"]
[Date "2024.09.13"]
[Round "3.123"]
[White "Yang, Ching Wei Austin"]
[Black "Ibarra Chami, Luis Fernando"]
[Result "0-1"]
[WhiteElo "2121"]
[BlackElo "2427"]
[PlyCount "120"]
[EventDate "2024.??.??"]
[WhiteTeam "Chinese Taipei"]
[BlackTeam "Mexico"]
[BlackTeamCountry "MEX"]
[WhiteClock "0:17:08"]
[BlackClock "0:37:51"]

1. d4 d5 2. c4 e6 3. Nf3 Nf6 4. Nc3 Bb4 5. cxd5 exd5 6. Bg5 Nbd7 7. Qc2 c5 8. dxc5 Nxc5 9. a3 Bxc3+ 10. Qxc3 Nce4 11. Bxf6 Qxf6 ({RR} 11... Nxf6 12. Qe5+ Qe7 13. Qxe7+ Kxe7 14. Nd4 Bd7 15. e3 Rhc8 16. f3 h5 17. Kd2 Ne8 18. Bd3 Nd6 19. b3 a5 20. Rhc1 b6 21. Rxc8 Rxc8 22. Rc1 Rc5 23. Rc3 g5 24. b4 axb4 25. axb4 Rxc3 26. Kxc3 {Leko,P (2717)-Aronian,L (2805) Ningbo 2011 ½-½ (33)}) ({RR} 11... Nxf6) 12. Qxf6 Nxf6 13. e3 Be6 14. Rc1 $146 ({RR} 14. Bd3 Ke7 15. Nd4 Rhc8 16. f3 Nd7 17. Kd2 Ne5 18. Rac1 Rxc1 19. Rxc1 Rc8 20. Rxc8 {½-½ (20) Podgaets,M (2450)-Savon,V (2415) Alushta 1993}) 14... Ke7 15. Bd3 Rac8 16. Ke2 Bg4 17. h3 Bxf3+ 18. Kxf3 Rc6 19. Rxc6 bxc6 20. e4 Rb8 21. b4 a5 22. Rb1 axb4 23. axb4 Kd6 24. Kf4 Re8 25. f3 Re5 26. g4 dxe4 27. fxe4 Nd7 28. Bc4 Re7 29. b5 Nb6 30. Be2 c5 31. Rd1+ Kc7 32. Ra1 Kb7 33. Bf3 Nc4 34. Rc1 Ne5 35. Be2 Kb6 36. Rd1 c4 37. Rd6+ Ka5 38. b6 f6 39. Rd4 Kxb6 40. Rd8 Kc5 41. Ke3 Kb4 42. Rh8 h6 43. Kd2 Ra7 44. h4 c3+ 45. Kc2 Ra2+ 46. Kd1 Rd2+ 47. Ke1 Nd3+ 48. Bxd3 Rxd3 49. Ke2 Rd4 50. Rb8+ Ka3 51. Ke3 Rd7 52. g5 c2 53. Rc8 Kb2 54. Rb8+ Kc1 55. Ke2 Rd2+ 56. Ke1 Rd4 57. Re8 Rc4 58. gxf6 gxf6 59. Re6 Kb2 60. Rb6+ Kc3 0-1

[Event "45th FIDE Chess Olympiad Open"]
[Site "Budapest, Hungary"]
[Date "2024.09.13"]
[Round "3.124"]
[White "Palma Villanueva, Miguel Tadeo"]
[Black "Wang, Ting-Hao"]
[Result "1-0"]
[WhiteElo "2266"]
[BlackElo "1842"]
[PlyCount "59"]
[EventDate "2024.??.??"]
[WhiteTeam "Mexico"]
[BlackTeam "Chinese Taipei"]
[WhiteTeamCountry "MEX"]
[WhiteClock "0:33:21"]
[BlackClock "0:14:53"]

1. e4 c6 2. c4 d5 3. exd5 cxd5 4. cxd5 Nf6 5. Bb5+ Nbd7 6. d4 g6 7. Nc3 Bg7 8. Nf3 O-O 9. Bxd7 Nxd7 ({RR} 9... Qxd7 10. Ne5 Qd6 11. Nc4 Qa6 12. Ne3 Rd8 13. Qe2 Qxe2+ 14. Kxe2 b6 15. Rd1 Ba6+ 16. Ke1 Bb7 17. a4 Nxd5 18. Ncxd5 Bxd5 19. a5 Bb7 20. d5 Rac8 21. axb6 axb6 22. Ra7 Rd7 23. b3 Ra8 24. Rxa8+ {Kiik,K (2430)-Markowski,T (2525) Lubniewice 1998 ½-½ (41)}) ({RR} 9... Qxd7 10. Qb3 Rd8 11. Ne5 Qd6 12. Nc4 Qa6 13. Ne5 Bf5 14. f3 Rac8 15. Bg5 h6 16. Bf4 g5 17. Bd2 Nd7 18. f4 Nxe5 19. fxe5 Qd3 20. Ne2 Qe4 21. Qf3 Rxd5 22. Bc3 f6 23. exf6 exf6 24. Kf2 {Silva,D (2358)-Bellahcene,B (2522) Accra GHA 2024 ½-½ (38)}) 10. O-O Nb6 11. Qb3 Bg4 $146 ({RR} 11... e6 12. Bg5 f6 13. dxe6 Qe7 14. d5 fxg5 15. Rae1 Rd8 16. Ne5 Bxe5 17. Rxe5 Kg7 18. Rfe1 Rf8 19. Ne4 Rf5 20. d6 Rxe5 21. dxe7 Rxe6 22. Qc3+ Kh6 23. Nf6 Rxe1+ 24. Qxe1 Bd7 25. Nxd7 {1-0 (25) Heikkila,A-Jarvenpaa,J Tampere 1999}) ({RR} 11... Bf5 12. Re1 Rc8 13. Bg5 Re8 14. Bh4 h6 15. Ne5 a5 16. a4 Qd6 17. Qb5 Qb4 18. Bg3 Red8 19. Nf3 Bg4 20. Ne5 Bf5 21. Nf3 Bg4 {½-½ (21) Schmider,B-Kunze,H Stetten 1988}) ({RR} 11... Bf5 12. Re1 e6 13. Bg5 Qd6 14. dxe6 Bxe6 15. Qb5 Rfc8 16. Ne4 Qd5 17. Qe2 Nd7 18. h3 h6 19. Bf4 g5 20. Bg3 g4 21. hxg4 Bxg4 22. Nc3 Qh5 23. Qe4 Rc6 24. Ne5 Bxe5 25. dxe5 Nc5 26. Qd5 {Eising,J-Dresen,U Solingen 1973 1-0}) 12. Ne5 Bf5 13. Rd1 Rc8 14. Bf4 h5 15. h3 Kh7 16. Bh2 f6 17. Nd3 Bxd3 18. Rxd3 Qd7 19. Re1 f5 20. Be5 Nc4 21. Re2 a6 22. Rd1 Rfe8 23. Bxg7 Kxg7 24. Re6 Nd6 25. Rde1 Kf7 26. Ne2 Ne4 27. Nf4 g5 28. d6 Kf8 29. dxe7+ Kg7 30. Rg6+ 1-0

[Event "45th FIDE Chess Olympiad Open"]
[Site "Budapest, Hungary"]
[Date "2024.09.13"]
[Round "3.125"]
[White "Cori, Jorge"]
[Black "Giron, Jorge Ernesto"]
[Result "1/2-1/2"]
[WhiteElo "2609"]
[BlackElo "2276"]
[PlyCount "145"]
[EventDate "2024.??.??"]
[WhiteTeam "Peru"]
[BlackTeam "El Salvador"]
[WhiteTeamCountry "PER"]
[BlackTeamCountry "ESA"]
[WhiteClock "0:10:03"]
[BlackClock "0:03:22"]

1. d4 Nf6 2. c4 c5 3. d5 e6 4. Nc3 exd5 5. cxd5 d6 6. Nf3 g6 7. Bf4 a6 8. a4 Bg7 9. h3 O-O 10. e3 Ne8 11. Be2 Nd7 12. O-O Qe7 13. Re1 Rb8 ({RR} 13... Ne5 14. Nxe5 Bxe5 15. Bxe5 Qxe5 16. a5 f5 17. Na4 Nf6 18. Nb6 Rb8 19. Qc2 Bd7 20. Rad1 Bb5 21. Bc4 Qe7 22. Qb3 Bxc4 23. Nxc4 Rbd8 24. Qb6 Rd7 25. Qb3 Ne4 26. Re2 Re8 27. Qd3 h5 28. Rb1 {Cheparinov,I (2678)-Akopian,V (2691) Khanty-Mansiysk 2013 ½-½ (49)}) 14. Bf1 ({RR} 14. Bh2 Nc7 15. a5 b5 16. axb6 Rxb6 17. Qc1 Ne5 18. Nd2 Bf5 19. e4 Bc8 20. f4 Nd7 21. Nc4 Rb4 22. e5 Ne8 23. Bf1 Nb6 24. Nxb6 Rxb6 25. Ra4 Qb7 26. Re2 Nc7 27. Qd2 Rd8 28. exd6 Rbxd6 {Gharibyan,M (2495)-Montorsi,M (2149) Pula (Sardinia) ITA 2023 1-0 (43)}) 14... Ne5 15. Nxe5 $146 ({RR} 15. Nd2 Nc7 16. a5 b5 17. axb6 Rxb6 18. Qc2 Bd7 19. Bg3 Bb5 20. f4 Nd7 21. Nc4 Bxc4 22. Bxc4 Rfb8 23. Ra2 Rb4 24. Na4 Nf6 25. Bh4 Qe4 26. Qxe4 Nxe4 27. b3 Rxb3 28. Bxb3 Rxb3 29. Rd1 Nb5 {Loiseau,Q (2370)-Nikolov,M (2542) Marseille 2012 0-1 (52)}) ({RR} 15. Nd2 f5 16. Bh2 Nf6 17. Qb3 Nh5 18. a5 f4 19. exf4 Nxf4 20. Bxf4 Rxf4 21. Ra4 Rxa4 22. Nxa4 Bh6 23. Ne4 Bf5 24. Nac3 {½-½ (24) Villegas,P (2249)-Koller,H (2083) Vienna 2012}) ({RR} 15. e4 Nc7 16. Nxe5 Bxe5 17. Bxe5 Qxe5 18. Qd2 g5 19. g3 Kh8 20. Kh2 Rg8 21. Bg2 b5 22. f4 gxf4 23. gxf4 Qg7 24. Qf2 bxa4 25. e5 Bd7 26. Re3 Rb4 27. Rg1 Qh6 28. Ne4 Nxd5 29. Ng5 Be6 {Plischki,S (2367)-Mueer,S (2201) Verden 2013 1-0 (37)}) 15... dxe5 16. Bh2 Nd6 17. a5 Bd7 18. Na4 Bxa4 19. Qxa4 Rfc8 20. e4 b5 21. axb6 Rxb6 22. b3 f5 23. Qa5 Rxb3 24. Bxa6 Rc7 25. Rac1 fxe4 26. Rxc5 Rxc5 27. Qxc5 Bf8 28. Bg3 Qe8 29. Qc7 Qa8 30. Be2 Rb7 31. Qc1 Bg7 32. Bg4 h5 33. Be6+ Kh7 34. Qc3 Qa2 35. Qc5 Rb1 36. Rxb1 Qxb1+ 37. Kh2 Qb8 38. Bh4 Qf8 39. Qa7 Qf4+ 40. Bg3 Qf6 41. Kh1 Nb5 42. Qf7 Qxf7 43. Bxf7 Nd6 44. Be6 Bf6 45. Kg1 Kg7 46. Kf1 Kf8 47. Bh2 Nb5 48. Bd7 Nd4 49. Ba4 h4 50. d6 Kf7 51. Ke1 Ke6 52. Be8 g5 53. Bg6 Kxd6 54. Bxe4 Bd8 55. g3 Ba5+ 56. Kd1 Ke6 57. gxh4 gxh4 58. f3 Nb5 59. Bg1 Nc3+ 60. Kc2 Ne2 61. Bf2 Nf4 62. Bb7 Bd8 63. Bc8+ Kd5 64. Bf5 Bg5 65. Bb6 Be7 66. Kc3 Ne2+ 67. Kd2 Nf4 68. Ba5 Bg5 69. Kc2 Be7 70. Bb6 Bg5 71. Ba5 Be7 72. Bb6 Bg5 73. Ba5 1/2-1/2

[Event "45th FIDE Chess Olympiad Open"]
[Site "Budapest, Hungary"]
[Date "2024.09.13"]
[Round "3.126"]
[White "Chavez, Ricardo Ernesto"]
[Black "Leiva, Gianmarco"]
[Result "1/2-1/2"]
[WhiteElo "2185"]
[BlackElo "2389"]
[PlyCount "98"]
[EventDate "2024.??.??"]
[WhiteTeam "El Salvador"]
[BlackTeam "Peru"]
[WhiteTeamCountry "ESA"]
[BlackTeamCountry "PER"]
[WhiteClock "0:02:45"]
[BlackClock "0:06:38"]

1. e4 c5 2. Nf3 d6 3. d4 cxd4 4. Nxd4 Nf6 5. Nc3 a6 6. h3 e6 7. g4 h6 8. Bg2 Be7 9. Be3 Nc6 10. f4 Bd7 11. Qd2 Qc7 12. O-O Nxd4 13. Bxd4 e5 14. Be3 exf4 15. Rxf4 Be6 16. Nd5 $146 ({RR} 16. Raf1 Rc8 17. Qf2 b5 18. Bb6 Qb8 19. Nd5 Bxd5 20. exd5 O-O 21. Bd4 Bd8 22. Rf5 Rc4 23. c3 b4 24. g5 bxc3 25. bxc3 hxg5 26. Rxg5 Ne8 27. Rh5 Rxd4 28. cxd4 g6 29. Be4 Nf6 30. Rh4 Qb5 {Bychok,V-Kekhcher,V Simferopol 1991 1-0 (37)}) 16... Bxd5 17. exd5 O-O 18. Raf1 Nd7 19. Rf5 Ne5 20. Bxh6 Nc4 21. Qf4 gxh6 22. Rh5 Qb6+ 23. Kh1 Qxb2 24. Qxc4 Rac8 25. Qe4 Bg5 26. h4 Rce8 27. Qd3 Be3 28. g5 Qd4 29. Qf5 Qe5 30. Qxe5 Rxe5 31. Rxh6 Kg7 32. Rhf6 Re7 33. g6 Bd4 34. R6f4 Be5 35. Rxf7+ Rexf7 36. Rxf7+ Rxf7 37. gxf7 Kxf7 38. Bh3 b6 39. Kg2 Kf6 40. Kf3 Bc3 41. Ke4 Be1 42. h5 Kg5 43. Bf1 Kxh5 44. Bxa6 Kg5 45. Kd4 Kf6 46. Kc4 Ke7 47. Kb5 Bf2 48. Kc6 Bc5 49. Bd3 Be3 1/2-1/2